000 00648nam a22002051 4500
003 OSt
005 20161021105123.0
008 960722s1977 es spa
040 _cCRI
082 _a863.99224
100 1 _aPeralta Lagos, José María
_931155
_d1873-1944
245 1 3 _aLa muerte de la tórtola
_b: o Malandanzas de un corresponsal
_cJosé María Peralta Lagos
250 _a4ª ed
260 _aSan Salvador
_bCONCULTURA
_c1997
300 _a176 p.
_c21 cm
490 0 _aBiblioteca Básica de Literatura Salvadoreña
_v11
500 _aÍndice: p. 175
650 2 4 _929546
_aNovela salvadoreña
942 _2ddc
_cBK
_hprozim
999 _c26330
_d26330